000 00223nam a22000857a 4500
008 161202b xxu||||| |||| 00| 0 eng d
100 _91720
_aKapoor.S.
245 _aTasty eating for healthy living
260 _aMUMBAI.PP.
_bPP
_c2011
999 _c4432
_d4432